MESTSKÁ KNIŽNICA GIRALTOVCE  - online katalóg 

Grenoble entre lacs etmontagnes - A city lakes and mountains (Record no. 19542)

000 -NÁVESTIE
fixed length control field 00349nam a2200121 a 4500
008 - ÚDAJE S PEVNOU DĹŽKOU – VŠEOBECNÉ INFORMÁCIE
fixed length control field 110511s2001|||| d
020 ## - MEDZINÁRODNÉ ŠTANDARDNÉ ČÍSLO KNIHY (ISBN)
Údaje o dostupnosti 30
041 ## - KÓD JAZYKA
Kód jazyka textu/zvukovej stopy alebo samostatných nápisov eng - fre
044 ## - KÓD KRAJINY VYDAVATEĽA/PRODUCENTA
Kód krajiny MARC FR
100 1# - OSOBNÉ MENÁ – VŠEOBECNÉ INFORMÁCIE
Osobné meno Lelong, F. - Laroche, Jean - Louis
245 10 - NÁZOV
Názov Grenoble entre lacs etmontagnes - A city lakes and mountains
260 ## - VYDAVATEĽSKÉ ÚDAJE, DISTRIBÚCIA ATĎ.
Názov vydavateľa, distibútora atď. Les Points Cardinaux
Miesto publikovania, distribúcie atď. Lyon
Dátum publikovania, distribúcie atď. 2001
Holdings
Stav stiahnutia (Blokovanie) (Withrawn status) Stav straty Stav poškodenia (Damaged status) Nie pre výpožičky (Not for loan) Spôsob nadobudnutia (Collection code) Trvalé umiestnenie Aktuálne umiestnenie Dátum nadobudnutia Náklady, bežná kúpna cena Inventárne číslo (prírastkové číslo) Full call number Dátum posledného výskytu Cena s účinnosťou od Typ jednotky Koha
        Kúpa Mestská knižnica Giraltovce Mestská knižnica Giraltovce 2019-11-29 30.00 18066 I 1488 2019-11-29 2019-11-29 Odborná literatúra pre dospelých

Powered by Koha